| Registos Bibliográficos associados ao registo de autoridade |
|
Etiqueta de registo: 00254nam 2200025 450 001 2286195 003 http://id.bnportugal.gov.pt/bib/catbnp/2286195 100 ## $a20260512d2925 k y0pory01030103ba 101 0# $apor$deng 102 ## $aPT 105 ## $aa m 001yy 106 ## $ar 200 1# $a O desemparedar da infância$eeducação articulada com espaços abertos$fDulce Conetet dos Santos Pomilio$gorient. Carlos Francisco de Sousa Reis, Lea Velocina Tiriba 210 #9 $aCoimbra$c[s.n.],$d2025 215 ## $a319 p.$cil.$d30 cm 328 #1 $aTese dout. Ciências da Educação (Organização do Ensino, Aprendizagem e Formação de
Professores, Faculdade de Psicologia e Ciências da Educação da Universidade de Coimbra,
2025 675 ## $a373.2.091.33(81)(043)$vBN$zpor$32002123 675 ## $a373.2.015.31(81)(043)$vBN$zpor$32002124 700 #1 $aPomilio,$bDulce Cornetet dos Santos$31998194 702 #1 $aReis,$bCarlos Francisco de Sousa$4727$31426421 702 #1 $aTiriba,$bLea Velocina$4727$31998195 801 #0 $aPT$bBN$gRPC 966 ## $lBN$mFGMON$sS.C. 169426 V.$x1 971 ## $cisantos$d20260512 973 ## $caalmeid$d20260630
|
|
|